Геологическое и гидродинамическое моделирование месторождений нефти и газа: учебное пособие

書誌詳細
第一著者: Гладков Е. А. Евгений Алексеевич
団体著者: Национальный исследовательский Томский политехнический университет (ТПУ) Институт природных ресурсов (ИПР) Кафедра геологии и разработки нефтяных месторождений (ГРНМ)
要約:Заглавие с титульного экрана
В пособии изложены основные сведения о геологическом и гидродинамическом моделировании нефтяных и газовых месторождений, об основных программных продуктах, используемых при создании геологических (статических) и гидродинамических (фильтрационных) моделей. В сжатом виде дается представление об основных типах резервуаров углеводородов и динамике их изменения во времени. Предназначено для студентов вузов нефтегазового профиля, обучающихся по направлению 131000 "Нефтегазовое дело", а также для студентов, аспирантов и других специалистов, занимающихся научными исследованиями в области компьютерного 3D-моделирования.
Режим доступа: из корпоративной сети ТПУ
言語:ロシア語
出版事項: Томск, Изд-во ТПУ, 2012
主題:
オンライン・アクセス:http://www.lib.tpu.ru/fulltext2/m/2012/m396.pdf
フォーマット: 電子媒体 図書
KOHA link:https://koha.lib.tpu.ru/cgi-bin/koha/opac-detail.pl?biblionumber=227737

MARC

LEADER 00000nlm0a2200000 4500
001 227737
005 20231101230823.0
035 |a (RuTPU)RU\TPU\book\248174 
090 |a 227737 
100 |a 20121210d2012 m y0rusy50 ca 
101 0 |a rus 
102 |a RU 
105 |a a j 001zy 
135 |a drcn ---uucaa 
181 0 |a i  
182 0 |a b 
200 1 |a Геологическое и гидродинамическое моделирование месторождений нефти и газа  |b Электронный ресурс  |e учебное пособие  |f Е. А. Гладков  |g Национальный исследовательский Томский политехнический университет (ТПУ), Институт природных ресурсов (ИПР), Кафедра геологии и разработки нефтяных месторождений (ГРНМ) 
203 |a Текст  |c электронный 
210 |a Томск  |c Изд-во ТПУ  |d 2012 
230 |a 1 компьютерный файл (pdf; 5.3 MB) 
300 |a Заглавие с титульного экрана 
330 |a В пособии изложены основные сведения о геологическом и гидродинамическом моделировании нефтяных и газовых месторождений, об основных программных продуктах, используемых при создании геологических (статических) и гидродинамических (фильтрационных) моделей. В сжатом виде дается представление об основных типах резервуаров углеводородов и динамике их изменения во времени. Предназначено для студентов вузов нефтегазового профиля, обучающихся по направлению 131000 "Нефтегазовое дело", а также для студентов, аспирантов и других специалистов, занимающихся научными исследованиями в области компьютерного 3D-моделирования. 
333 |a Режим доступа: из корпоративной сети ТПУ 
337 |a Adobe Reader 
606 1 |a Нефтегазовые месторождения  |x Моделирование  |2 stltpush  |3 (RuTPU)RU\TPU\subj\70792  |9 84997 
610 1 |a электронный ресурс 
610 1 |a труды учёных ТПУ 
610 1 |a геологическое моделирование 
610 1 |a гидродинамическое моделирование 
610 1 |a нефть 
610 1 |a газ 
610 1 |a нефтегазовое дело 
610 1 |a 3D-моделирование 
610 1 |a физико-химические свойства 
610 1 |a флюиды 
610 1 |a программные продукты 
675 |a 553.98(075.8)  |v 3 
700 1 |a Гладков  |b Е. А.  |c специалист в области нефтегазового дела  |c доцент Томского политехнического университета, кандидат геолого-минералогических наук  |f 1974-  |g Евгений Алексеевич  |2 stltpush  |3 (RuTPU)RU\TPU\pers\29350 
712 0 2 |a Национальный исследовательский Томский политехнический университет (ТПУ)  |b Институт природных ресурсов (ИПР)  |b Кафедра геологии и разработки нефтяных месторождений (ГРНМ)  |h 258  |2 stltpush  |3 (RuTPU)RU\TPU\col\18657 
801 1 |a RU  |b 63413507  |c 20121210 
801 2 |a RU  |b 63413507  |c 20130423  |g RCR 
856 4 |u http://www.lib.tpu.ru/fulltext2/m/2012/m396.pdf 
942 |c CF